| 000 | 01087nam a22002537a 4500 | ||
|---|---|---|---|
| 005 | 20170124102958.0 | ||
| 010 | _aA-304407 | ||
| 020 | _c80.00 | ||
| 035 | _aA-304407 | ||
| 037 | _bCen Lib/Ret | ||
| 040 |
_aDPL _bHN |
||
| 082 |
_a827.08 _bउपाध्या |
||
| 100 |
_aउपाध्याय, मांगीलाल _99685 |
||
| 245 |
_aव्यंग्य और भारतेंदु युगीन गघ / _cमांगीलाल उपाध्याय |
||
| 246 |
_aVyangya aur bhartendu yugin gagh / _bby Mangilaa Upadhyay |
||
| 260 |
_aमथुरा _bजवाहर पुस्तकालय |
||
| 270 |
_aसदर बाज़ार _bमथुरा _e281002 |
||
| 300 |
_a220पृ. _c21सेमी (सजिल्द) |
||
| 650 |
_a हिन्दी साहित्य _953722 |
||
| 650 |
_a हिन्दी साहित्य -- व्यंग्य _946379 |
||
| 650 |
_aHindi literature _953723 |
||
| 650 |
_aHindi literature -- Satire _953724 |
||
| 942 |
_2ddc _cHN _h827.08 _mउपाध्या |
||
| 999 |
_c113757 _d113757 |
||